|
|
|
|
| LEADER |
00000nam0a2200000 4500 |
| 001 |
209408 |
| 005 |
20231101225534.0 |
| 010 |
|
|
|a 9785406018187
|
| 035 |
|
|
|a (RuTPU)RU\TPU\book\228734
|
| 090 |
|
|
|a 209408
|
| 100 |
|
|
|a 20120213d2012 m y0rusy50 ca
|
| 101 |
0 |
|
|a rus
|
| 102 |
|
|
|a RU
|
| 105 |
|
|
|a a j 000zy
|
| 200 |
1 |
|
|a Финансовые риски
|e учебное пособие для вузов
|f М. Л. Кричевский
|
| 210 |
|
|
|a Москва
|c КноРус
|d 2012
|
| 215 |
|
|
|a 244 с.
|c ил.
|
| 330 |
|
|
|a Главный акцент в книге сделан на получении количественных оценок тех видов финансовых рисков, которые регламентированы Базельским соглашением в банковской сфере (рыночный, кредитный, операционный). Наряду с традиционными методами расчетов рисков предлагаются способы формирования оценок, основанные на интеллектуальных технологиях, в частности, с применением искусственных нейронных сетей и нечеткой логики. Для студентов, магистрантов, аспирантов, а также специалистов по рискам в банковской и финансовой сферах.
|
| 606 |
1 |
|
|a Финансовые риски
|2 stltpush
|3 (RuTPU)RU\TPU\subj\37210
|9 58315
|
| 610 |
1 |
|
|a финансы
|
| 610 |
1 |
|
|a риски
|
| 610 |
1 |
|
|a риск-менеджмент
|
| 610 |
1 |
|
|a рыночные риски
|
| 610 |
1 |
|
|a кредитные риски
|
| 610 |
1 |
|
|a операционные риски
|
| 610 |
1 |
|
|a рейтинговые системы
|
| 610 |
1 |
|
|a искусственные нейронные сети
|
| 610 |
1 |
|
|a нечеткая логика
|
| 610 |
1 |
|
|a учебные пособия
|
| 686 |
|
|
|a У9(2)261.1я73
|v LBC/SL-A
|2 rubbk
|
| 700 |
|
1 |
|a Кричевский
|b М. Л.
|g Михаил Лейзерович
|
| 801 |
|
1 |
|a RU
|b 63413507
|c 20120213
|
| 801 |
|
2 |
|a RU
|b 63413507
|c 20150619
|g RCR
|
| 900 |
|
|
|a Финансы
|
| 942 |
|
|
|c BK
|
| 951 |
|
|
|b 080300
|
| 959 |
|
|
|a 11/20120201
|d 2
|e 250,00
|f ЧЗГЛ:1
|f АНЛ:1
|